[Event "OLNW 1819 HSK Lister Turm - SF Hannover"]
[Site "?"]
[Date "2019.01.20"]
[Round "5.5"]
[White "Herrmann, Andreas"]
[Black "Hampel, Felix"]
[Result "0-1"]
[WhiteElo "2149"]
[BlackElo "2237"]
[PlyCount "60"]
[EventDate "2019.??.??"]

1. d4 d5 2. Nf3 Nf6 3. Bg5 c5 4. Bxf6 gxf6 5. c3 Nc6 6. e3 Bf5 7. Qb3 c4 8. Qa4
Qb6 9. b4 a5 10. Nbd2 Bd7 11. b5 Na7 12. Rb1 Bxb5 13. Qc2 Qc6 14. Be2 e6 15.
O-O Ba3 16. Bd1 f5 17. Ne5 Qa6 18. Bh5 O-O 19. f4 f6 20. Rxb5 Nxb5 21. Nd7 Rfd8
22. Nxf6+ Kg7 23. Ng4 fxg4 24. f5 exf5 25. Qxf5 Qd6 26. Qg5+ Kh8 27. Rf6 Qe7
28. Qh6 Qg7 29. Qf4 Rf8 30. Bf7 Nd6 0-1

[Event "OLNW 1819 HSK Lister Turm - SF Hannover"]
[Site "?"]
[Date "2019.01.20"]
[Round "5.6"]
[White "Virag, Attila Aba"]
[Black "Ploog, Martin"]
[Result "1-0"]
[WhiteElo "2271"]
[BlackElo "2092"]
[PlyCount "82"]
[EventDate "2019.??.??"]

1. e4 d6 2. d4 Nf6 3. Nc3 Nbd7 4. f3 e5 5. Be3 c6 6. Qd2 Be7 7. Nh3 a6 8. a4 b6
9. Be2 Bb7 10. O-O b5 11. d5 b4 12. dxc6 Bxc6 13. Na2 a5 14. c3 bxc3 15. Nxc3
O-O 16. Nf2 Nb6 17. Kh1 Qb8 18. Nfd1 Rd8 19. Bxb6 Qxb6 20. Ne3 Rab8 21. Bb5 Ba8
22. Rfd1 Bf8 23. Rac1 Qa7 24. Bc4 Rbc8 25. Nb5 Qb6 26. Bb3 Bc6 27. Nc4 Qb8 28.
Qxa5 Bxb5 29. Qxb5 Rc5 30. Qxb8 Rxb8 31. Nd2 Nd7 32. Ra1 Be7 33. a5 Bd8 34. a6
Bb6 35. Bd5 Ba7 36. Nc4 Nb6 37. Nxd6 Nxd5 38. Rxd5 Rc2 39. Nb5 Bb6 40. a7 Ra8
41. Rd6 Bc5 1-0

[Event "OLNW 1819 HSK Lister Turm - SF Hannover"]
[Site "?"]
[Date "2019.01.20"]
[Round "5.7"]
[White "Edel, Thomas"]
[Black "Gentemann, Moritz"]
[Result "1/2-1/2"]
[WhiteElo "2075"]
[BlackElo "2196"]
[PlyCount "81"]
[EventDate "2019.??.??"]

1. d4 d5 2. Nf3 Nf6 3. c4 e6 4. g3 dxc4 5. Bg2 a6 6. O-O Nc6 7. e3 Bd7 8. Qe2
Bd6 9. Qxc4 O-O 10. Rd1 Rb8 11. Qe2 e5 12. dxe5 Nxe5 13. Nxe5 Bxe5 14. Nc3 Qe7
15. e4 Bg4 16. f3 Be6 17. Be3 Rfe8 18. Rac1 b5 19. Qf2 Bd6 20. b3 Ba3 21. Rc2
Rbd8 22. Rf1 Nd7 23. Ne2 c5 24. Nf4 Rc8 25. Rd1 c4 26. Nd5 Bxd5 27. Rxd5 Nf6
28. Rd1 cxb3 29. axb3 Qe6 30. Rb1 Bb4 31. Bf1 h6 32. Bc5 Bxc5 33. Rxc5 Rxc5 34.
Qxc5 Rc8 35. Qf2 Rc3 36. b4 Qc6 37. Qd4 Rc2 38. Rd1 g6 39. Qd6 Kg7 40. Qxc6
Rxc6 41. e5 {(=)} 1/2-1/2

[Event "OLNW 1819 HSK Lister Turm - SF Hannover"]
[Site "?"]
[Date "2019.01.20"]
[Round "5.8"]
[White "Wolter, Jens"]
[Black "Witthaus, Joerg"]
[Result "1/2-1/2"]
[WhiteElo "2149"]
[BlackElo "2033"]
[PlyCount "26"]
[EventDate "2019.??.??"]

1. e4 e6 2. d4 d5 3. e5 c5 4. c3 Nc6 5. Be3 Qb6 6. Qd2 Bd7 7. Nf3 Rc8 8. Be2
cxd4 9. cxd4 Bb4 10. Nc3 Nge7 11. O-O Na5 12. Rab1 Nc4 13. Bxc4 Rxc4 {(=)}
1/2-1/2

[Event "OLNW 1819 MTV Tostedt - Delmenhorster S"]
[Site "?"]
[Date "2019.01.20"]
[Round "5.1"]
[White "Korsus, Bernd"]
[Black "Bokros, Albert"]
[Result "1/2-1/2"]
[WhiteElo "2325"]
[BlackElo "2464"]
[PlyCount "129"]
[EventDate "2019.??.??"]

1. d4 e6 2. Nf3 c5 3. e3 Nf6 4. Bd3 b6 5. O-O Bb7 6. Qe2 Be7 7. Nbd2 O-O 8. e4
cxd4 9. Nxd4 d6 10. Kh1 Nbd7 11. Ba6 Qc8 12. Bxb7 Qxb7 13. f4 Rac8 14. e5 Nd5
15. N2f3 a6 16. c4 Nb4 17. b3 Nc5 18. Bd2 Nc6 19. Rad1 Nxd4 20. Nxd4 Rcd8 21.
Be3 Rd7 22. Nf3 Rfd8 23. exd6 Bxd6 24. Ng5 h6 25. Bxc5 Bxc5 26. Rxd7 Qxd7 27.
Nf3 Qd3 28. Qxd3 Rxd3 29. g3 f6 30. Kg2 g5 31. fxg5 hxg5 32. h3 e5 33. Re1 Kg7
34. Re2 a5 35. Nd2 Be3 36. Nf1 Bc5 37. g4 Kf7 38. Ng3 Be3 39. Nf5 Bf4 40. Rc2
Ke6 41. c5 bxc5 42. Rxc5 Rd2+ 43. Kf3 Rxa2 44. Rb5 Kd7 45. Rd5+ Kc6 46. Ne7+
Kb6 47. Rd3 Kc5 48. Rd5+ Kb6 49. Nc8+ Kb7 50. Nd6+ Kc6 51. Rd3 Rh2 52. Ke4 Bd2
53. Kf5 Rf2+ 54. Ke6 Bb4 55. Ne4 Rf4 56. Re3 Bc5 57. Re2 Bd4 58. Nxf6 Rf3 59.
Nd7 Rxb3 60. Nxe5+ Kb5 61. Kd5 Re3 62. Nc6 Bc5 63. Rxe3 Bxe3 64. Nxa5 Kxa5 65.
h4 1/2-1/2

[Event "OLNW 1819 MTV Tostedt - Delmenhorster S"]
[Site "?"]
[Date "2019.01.20"]
[Round "5.2"]
[White "Varga, Zoltan"]
[Black "Margraf, Daniel"]
[Result "1/2-1/2"]
[WhiteElo "2439"]
[BlackElo "2252"]
[PlyCount "129"]
[EventDate "2019.??.??"]

1. e4 c5 2. Nf3 d6 3. d4 cxd4 4. Nxd4 Nf6 5. f3 e5 6. Nb3 d5 7. Bg5 Be6 8. Bxf6
gxf6 9. exd5 Qxd5 10. Qxd5 Bxd5 11. Nc3 Be6 12. Nb5 Na6 13. Bd3 f5 14. O-O-O
Ke7 15. Rhe1 Bg7 16. Na5 Nc5 17. Bc4 Rhd8 18. b4 Na4 19. Bb3 a6 20. Bxa4 axb5
21. Bxb5 Bh6+ 22. Kb1 Bd2 23. Rxe5 Bxb4 24. Rxd8 Kxd8 25. Nb3 Bd6 26. Re2 Bxh2
27. g4 Bd6 28. gxf5 Bd7 29. Rd2 Kc7 30. Bxd7 Kxd7 31. c4 Ke7 32. Rd5 Bg3 33.
Nc5 Rd8 34. f6+ Ke8 35. Rg5 Bd6 36. Rg8+ Bf8 37. Ne4 h6 38. Rg2 Kd7 39. Rd2+
Kc7 40. Kc2 Rxd2+ 41. Kxd2 Kd7 42. Ke3 Ke6 43. Kf4 b6 44. a4 Bb4 45. Kg4 Ke5
46. Kh5 Bf8 47. Nc3 Kxf6 48. Nd5+ Ke6 49. Nxb6 Kd6 50. a5 Kc6 51. Nd5 Kb7 52.
Nf6 Ka6 53. Nd7 Bd6 54. c5 Bf4 55. Nf6 Kxa5 56. Nd5 Bd2 57. c6 Ka6 58. Kg4 Bc1
59. f4 h5+ 60. Kg5 h4 61. Kf6 Bxf4 62. Nxf4 Kb6 63. Kxf7 Kxc6 64. Kf6 h3 65.
Nxh3 1/2-1/2

[Event "OLNW 1819 MTV Tostedt - Delmenhorster S"]
[Site "?"]
[Date "2019.01.20"]
[Round "5.3"]
[White "Hoeffer, David"]
[Black "Szeberenyi, Adam"]
[Result "1-0"]
[WhiteElo "2250"]
[BlackElo "2394"]
[PlyCount "69"]
[EventDate "2019.??.??"]

1. e4 c5 2. Nf3 e6 3. b3 b6 4. Bd3 Bb7 5. O-O Nc6 6. Re1 Nge7 7. Bb2 Ng6 8. g3
f6 9. e5 f5 10. h4 Be7 11. h5 Nf8 12. Na3 Nb4 13. Bf1 g5 14. c3 Nd5 15. Bg2 Rg8
16. Qe2 g4 17. Nh2 Qc8 18. Nb5 a6 19. Nd6+ Bxd6 20. exd6 Nf6 21. Qe5 Kf7 22.
Bxb7 Qxb7 23. Qxf5 Qd5 24. Qxf6+ Kxf6 25. c4+ Qd4 26. Bxd4+ cxd4 27. Re4 Rg5
28. Nxg4+ Kg7 29. h6+ Kg6 30. Kg2 Rh5 31. Rae1 Rc8 32. Rxd4 Ra5 33. f4 Kf5 34.
Ne5 Kf6 35. g4 1-0

[Event "OLNW 1819 MTV Tostedt - Delmenhorster S"]
[Site "?"]
[Date "2019.01.20"]
[Round "5.4"]
[White "Nedic, Dusan"]
[Black "Hedke, Fred"]
[Result "1-0"]
[WhiteElo "2287"]
[BlackElo "2243"]
[PlyCount "89"]
[EventDate "2019.??.??"]

1. d4 Nf6 2. c4 e6 3. g3 d5 4. Nf3 Bb4+ 5. Bd2 Be7 6. Bg2 O-O 7. O-O c6 8. Qc2
b6 9. Bf4 Nbd7 10. Rd1 Ba6 11. Ne5 Nxe5 12. dxe5 Nd7 13. cxd5 cxd5 14. e4 d4
15. Rxd4 Bc5 16. Rd2 g5 17. Bxg5 Qxg5 18. Rxd7 Bb5 19. Rd1 Qxe5 20. Nc3 Bc6 21.
Ne2 Rac8 22. Nf4 Bd4 23. Qe2 Bb5 24. Nd3 Bxd3 25. Rxd3 Bxb2 26. Rad1 Rc1 27.
Rxc1 Bxc1 28. h4 Rc8 29. Kh2 Bh6 30. Rd7 a5 31. Bf3 Rc7 32. Rd8+ Bf8 33. Bg2
Qc5 34. Qg4+ Kh8 35. Qf4 Kg7 36. e5 Qe7 37. Qg4+ Kh8 38. Qd1 Kg7 39. Be4 f5 40.
exf6+ Qxf6 41. Kg2 Rf7 42. f4 Kh6 43. Rb8 Bc5 44. Qg4 Rf8 45. Rb7 1-0

[Event "OLNW 1819 MTV Tostedt - Delmenhorster S"]
[Site "?"]
[Date "2019.01.20"]
[Round "5.5"]
[White "Steingraeber, Kai Uwe"]
[Black "Hoegy, Kevin"]
[Result "0-1"]
[WhiteElo "2030"]
[BlackElo "2275"]
[PlyCount "114"]
[EventDate "2019.??.??"]

1. e4 e5 2. Nf3 Nc6 3. Bc4 Bc5 4. c3 Nf6 5. d4 exd4 6. cxd4 Bb4+ 7. Bd2 Bxd2+
8. Nbxd2 d5 9. exd5 Nxd5 10. Qb3 Na5 11. Qa4+ Nc6 12. Qb3 Nce7 13. O-O O-O 14.
Ne4 Nb6 15. Bd3 Be6 16. Qc2 Bd5 17. Rfe1 h6 18. Rad1 c6 19. Ne5 Bxe4 20. Bxe4
Ned5 21. Qe2 Nf6 22. Bb1 Nbd5 23. Qc2 Re8 24. a3 Qd6 25. Rd3 Nf4 26. Qc4 Qd5
27. Qxd5 N6xd5 28. Rdd1 Rad8 29. g3 Ne6 30. Ba2 Ndc7 31. Nf3 Rd6 32. Rd2 Red8
33. Red1 Kf8 34. h4 g5 35. hxg5 Nxg5 36. Nxg5 hxg5 37. Kg2 Nb5 38. d5 Nc7 39.
Rh1 Nxd5 40. Bxd5 Rxd5 41. Rh8+ Ke7 42. Re2+ Kf6 43. Rh6+ Kg7 44. Rh1 Rd2 45.
Rhe1 R8d3 46. Kh3 Kg6 47. Kg4 f6 48. Kh3 c5 49. Kg4 c4 50. Kh3 b5 51. Kg4 a5
52. Kh3 b4 53. axb4 axb4 54. Kg2 b3 55. Re4 Rc2 56. R1e2 c3 57. bxc3 b2 0-1

[Event "OLNW 1819 MTV Tostedt - Delmenhorster S"]
[Site "?"]
[Date "2019.01.20"]
[Round "5.6"]
[White "Szalanczi, Emil"]
[Black "Pahl, Erik"]
[Result "1-0"]
[WhiteElo "2180"]
[BlackElo "1997"]
[PlyCount "73"]
[EventDate "2019.??.??"]

1. e4 c5 2. Nf3 d6 3. d4 cxd4 4. Nxd4 Nf6 5. Nc3 a6 6. Bg5 e6 7. f4 h6 8. Bh4
Qb6 9. a3 Be7 10. Bf2 Qc7 11. Be2 b5 12. Bf3 Bb7 13. Qe2 Nbd7 14. O-O Rc8 15.
Rae1 Nb6 16. Nd1 O-O 17. b3 d5 18. e5 Ne4 19. b4 Nc4 20. Qd3 Ned2 21. Be2 Rb8
22. f5 Nxf1 23. Bxf1 exf5 24. Nxf5 Bc8 25. Nxe7+ Qxe7 26. Bc5 Qg5 27. Bxf8 Kxf8
28. Ne3 Qxe5 29. Re2 Nxe3 30. Rxe3 Qf5 31. Qd4 Be6 32. Bd3 Qg4 33. Qe5 Rc8 34.
h3 Qg5 35. Qd6+ Kg8 36. Rxe6 Rd8 37. Re1 1-0

[Event "OLNW 1819 MTV Tostedt - Delmenhorster S"]
[Site "?"]
[Date "2019.01.20"]
[Round "5.8"]
[White "Krueger, Robin Kevin"]
[Black "Grebener, Soeren"]
[Result "1-0"]
[WhiteElo "1987"]
[BlackElo "2017"]
[PlyCount "63"]
[EventDate "2019.??.??"]

1. e4 e5 2. Nf3 Nf6 3. Nxe5 d6 4. Nf3 Nxe4 5. c4 Be7 6. d4 O-O 7. Bd3 Ng5 8.
Nc3 Bg4 9. Bxg5 Bxg5 10. Bxh7+ Kxh7 11. h4 Re8+ 12. Kf1 Bh6 13. Ng5+ Qxg5 14.
hxg5 Bxd1 15. Rxd1 Nd7 16. Nd5 Rac8 17. gxh6 gxh6 18. Rd3 c6 19. Ne3 Re6 20. g4
Rg8 21. f3 c5 22. Nf5 Rge8 23. Kf2 Re2+ 24. Kg3 R8e6 25. dxc5 Nxc5 26. Rxd6
Rxd6 27. Nxd6 Kg6 28. Nf5 Kf6 29. Rxh6+ Ke5 30. Rd6 b6 31. f4+ Ke4 32. Rd4# 1-0

[Event "OLNW 1819 SK Nordhorn Blanke - SV Helle"]
[Site "?"]
[Date "2019.01.20"]
[Round "5.1"]
[White "Lingnau, Carsten"]
[Black "Kroeze, Frank"]
[Result "1/2-1/2"]
[WhiteElo "2420"]
[BlackElo "2383"]
[PlyCount "38"]
[EventDate "2019.??.??"]

1. d4 Nf6 2. c4 g6 3. g3 Bg7 4. Bg2 O-O 5. Nc3 d6 6. Nf3 Nbd7 7. O-O e5 8. e4
exd4 9. Nxd4 Re8 10. h3 Nc5 11. Re1 Bd7 12. Kh2 h5 13. Rb1 a5 14. Ndb5 Bc6 15.
Qc2 h4 16. g4 g5 17. Kg1 Nfd7 18. Be3 Ne6 19. Ne2 Bxb5 {(=)} 1/2-1/2

[Event "OLNW 1819 SK Nordhorn Blanke - SV Helle"]
[Site "?"]
[Date "2019.01.20"]
[Round "5.2"]
[White "Elgersma, Simon"]
[Black "Ewert, Hannes"]
[Result "1-0"]
[WhiteElo "2195"]
[BlackElo "2306"]
[PlyCount "55"]
[EventDate "2019.??.??"]

1. e4 e5 2. Nf3 Nc6 3. d4 exd4 4. Nxd4 Bc5 5. Nb3 Bb6 6. Nc3 Nf6 7. Bg5 h6 8.
Bh4 O-O 9. Qe2 Nd4 10. Qd3 Nxb3 11. axb3 d6 12. Nd5 g5 13. Nxb6 cxb6 14. Bg3
Nxe4 15. O-O-O Bf5 16. Qd5 Qf6 17. f3 Nxg3 18. hxg3 Rac8 19. Bc4 Rc6 20. Rxh6
Qxh6 21. Qxf5 Kg7 22. Qd7 Qf6 23. Rd5 Rc5 24. Rxd6 Qe5 25. Re6 Qxg3 26. Qd4+
Kh7 27. Qe4+ Kg7 28. Rg6+ 1-0

[Event "OLNW 1819 SK Nordhorn Blanke - SV Helle"]
[Site "?"]
[Date "2019.01.20"]
[Round "5.4"]
[White "Plasman, Hans"]
[Black "Stock, Joerg"]
[Result "1/2-1/2"]
[WhiteElo "2118"]
[BlackElo "2196"]
[PlyCount "117"]
[EventDate "2019.??.??"]

1. d4 Nf6 2. c4 e6 3. g3 d5 4. Nf3 Be7 5. Nc3 O-O 6. Bg2 dxc4 7. Ne5 Nc6 8.
Bxc6 bxc6 9. Nxc6 Qe8 10. Nxe7+ Qxe7 11. Qa4 c5 12. dxc5 Qxc5 13. Be3 Qc7 14.
f3 Nd5 15. Bd4 Bd7 16. Qa3 Rfe8 17. Nxd5 exd5 18. Qc3 f6 19. Kf2 Re6 20. h4 h5
21. Rag1 Rae8 22. e3 Ra6 23. g4 hxg4 24. h5 Bf5 25. h6 Qa5 26. Qxa5 Rxa5 27.
hxg7 Kxg7 28. Rh5 Kg6 29. Rgh1 Ra6 30. Rh7 gxf3 31. R1h6+ Kg5 32. Rh5+ Kg6 33.
R7h6+ Kg7 34. Rxf6 Rxf6 35. Rxf5 Ree6 36. Rxd5 Kg6 37. Bxf6 Rxf6 38. Rd2 Ra6
39. a3 c3 40. bxc3 Rxa3 41. Rc2 Kf5 42. Kxf3 Ke5 43. c4 Kd6 44. Kf4 a5 45. c5+
Kc6 46. e4 Ra1 47. Kf5 a4 48. Kf6 a3 49. e5 Rf1+ 50. Ke7 Re1 51. e6 Rd1 52. Ke8
Re1 53. e7 Re3 54. Rf2 Kxc5 55. Kf8 Kb4 56. e8=Q Rxe8+ 57. Kxe8 Kb3 58. Kd7 a2
59. Rxa2 {(=)} 1/2-1/2

[Event "OLNW 1819 SK Nordhorn Blanke - SV Helle"]
[Site "?"]
[Date "2019.01.20"]
[Round "5.5"]
[White "Happe, Reinhold"]
[Black "Oehne, Timo"]
[Result "1/2-1/2"]
[WhiteElo "2113"]
[BlackElo "2089"]
[PlyCount "36"]
[EventDate "2019.??.??"]

1. c4 Nf6 2. Nc3 g6 3. g3 Bg7 4. Bg2 O-O 5. d4 d6 6. Nf3 c6 7. O-O Bg4 8. h3
Bxf3 9. Bxf3 Nbd7 10. e4 a6 11. Be3 Qc7 12. Rc1 c5 13. b3 Rfe8 14. Qd2 Rab8 15.
Nd5 Nxd5 16. cxd5 b6 17. Be2 Qb7 18. f4 Rec8 {(=)} 1/2-1/2

[Event "OLNW 1819 SK Nordhorn Blanke - SV Helle"]
[Site "?"]
[Date "2019.01.20"]
[Round "5.6"]
[White "Baisakow, Alexander"]
[Black "Weist, Thorben"]
[Result "1-0"]
[WhiteElo "2213"]
[BlackElo "2068"]
[PlyCount "111"]
[EventDate "2019.??.??"]

1. e4 c5 2. Nf3 Nc6 3. Bb5 g6 4. O-O Bg7 5. c3 Nf6 6. e5 Nd5 7. d4 cxd4 8. cxd4
O-O 9. Nc3 Nc7 10. Bxc6 dxc6 11. Qb3 Nd5 12. Bg5 h6 13. Bh4 g5 14. Bg3 Nxc3 15.
bxc3 Qb6 16. Qa3 Qd8 17. h4 g4 18. Nd2 f5 19. exf6 exf6 20. Rfe1 f5 21. Bd6 Re8
22. Re7 Rxe7 23. Bxe7 Qd5 24. Re1 Be6 25. Nf1 f4 26. Bd6 Qxa2 27. Qc1 f3 28.
Be5 fxg2 29. Ng3 Rf8 30. Re2 Qd5 31. Qc2 Qd7 32. Qg6 Qf7 33. Qxg7+ Qxg7 34.
Bxg7 Kxg7 35. Rxe6 Rb8 36. Re5 Kf7 37. Ra5 a6 38. Kxg2 Ra8 39. Nf5 b6 40. Ra2
h5 41. Ng3 Kg6 42. Kf1 a5 43. Ke2 b5 44. Kd3 a4 45. Re2 a3 46. Ra2 Rf8 47. Ke2
Re8+ 48. Kd1 Ra8 49. Kc2 Rf8 50. Kb3 Rf3 51. Rc2 Rf4 52. Kxa3 c5 53. Rd2 b4+
54. cxb4 cxd4 55. b5 Kf7 56. Kb4 1-0

[Event "OLNW 1819 SK Nordhorn Blanke - SV Helle"]
[Site "?"]
[Date "2019.01.20"]
[Round "5.7"]
[White "zur Lage, Julian"]
[Black "Hoellmann, Ludger"]
[Result "1/2-1/2"]
[WhiteElo "2140"]
[BlackElo "2132"]
[PlyCount "35"]
[EventDate "2019.??.??"]

1. d4 d5 2. Nf3 Nf6 3. c4 e6 4. g3 dxc4 5. Bg2 a6 6. Ne5 Bb4+ 7. Nc3 Nd5 8. Bd2
Nb6 9. Bf4 N8d7 10. O-O Bxc3 11. bxc3 Nd5 12. Nxc4 Nxf4 13. gxf4 O-O 14. e3 Rb8
15. Qe2 c5 16. Rfd1 Qc7 17. Ne5 Rd8 18. Rab1 {(=)} 1/2-1/2

[Event "OLNW 1819 SK Nordhorn Blanke - SV Helle"]
[Site "?"]
[Date "2019.01.20"]
[Round "5.8"]
[White "Wiebe, Patrick"]
[Black "Ernst, Franz"]
[Result "1/2-1/2"]
[WhiteElo "2231"]
[BlackElo "1971"]
[PlyCount "45"]
[EventDate "2019.??.??"]

1. c4 e6 2. g3 d5 3. Bg2 c5 4. Nf3 Nc6 5. O-O Nf6 6. b3 Be7 7. e3 O-O 8. Qe2
Re8 9. Bb2 a6 10. d4 cxd4 11. Nxd4 Nxd4 12. Bxd4 dxc4 13. bxc4 Qc7 14. Nd2 Bd7
15. Rab1 Bc6 16. e4 Nd7 17. Rfd1 Rac8 18. Nb3 Ba4 19. Rdc1 Ba3 20. Rc3 Bb4 21.
Rcc1 Ba3 22. Rc3 Bb4 23. Rcc1 {(=)} 1/2-1/2

[Event "OLNW 1819 Hamelner SV - SV Hellern"]
[Site "?"]
[Date "2019.02.03"]
[Round "6.1"]
[White "Lingnau, Carsten"]
[Black "Bode, Wilfried"]
[Result "1/2-1/2"]
[WhiteElo "2420"]
[BlackElo "2339"]
[PlyCount "82"]
[EventDate "2019.??.??"]

1. d4 d5 2. c4 e6 3. Nf3 Nf6 4. g3 c6 5. Bg2 Nbd7 6. O-O b6 7. b3 Bb7 8. Nbd2
Be7 9. Bb2 O-O 10. Rc1 Rc8 11. e3 Rc7 12. Qe2 dxc4 13. Nxc4 c5 14. dxc5 Bxc5
15. a3 Be7 16. Nd4 Bxg2 17. Kxg2 Qa8+ 18. Qf3 a6 19. Nd2 Qxf3+ 20. Kxf3 Rfc8
21. Rxc7 Rxc7 22. Rc1 Rxc1 23. Bxc1 Ne5+ 24. Ke2 Bc5 25. Bb2 Nfd7 26. f4 Bxd4
27. Bxd4 Nc6 28. Kd3 Kf8 29. e4 f6 30. Nf3 Ke7 31. Be3 h5 32. f5 b5 33. fxe6
Kxe6 34. Nd4+ Nxd4 35. Kxd4 Kd6 36. Bd2 Ne5 37. Bb4+ Kc6 38. Bf8 g6 39. h3 Nf3+
40. Ke3 Ng5 41. h4 Ne6 {(=)} 1/2-1/2

[Event "OLNW 1819 Hamelner SV - SV Hellern"]
[Site "?"]
[Date "2019.02.03"]
[Round "6.2"]
[White "Tonndorf, Matthias"]
[Black "Boettcher, Christian"]
[Result "1/2-1/2"]
[WhiteElo "2189"]
[BlackElo "2184"]
[PlyCount "108"]
[EventDate "2019.??.??"]

1. e4 c6 2. Nc3 d5 3. Qe2 dxe4 4. Nxe4 Qc7 5. Nf3 Nd7 6. b3 Ngf6 7. Bb2 e6 8.
Nxf6+ Nxf6 9. g3 Be7 10. Bg2 O-O 11. O-O Bd7 12. Ne5 Rfd8 13. f4 Be8 14. Rad1
c5 15. Qf3 Rab8 16. f5 exf5 17. Qxf5 Bd7 18. Nxd7 Qxd7 19. Be5 Ra8 20. Kh1 Qxf5
21. Rxf5 Rd7 22. Bxf6 gxf6 23. Be4 Kg7 24. d3 Rh8 25. Rdf1 b6 26. R1f4 Rd6 27.
a4 Re6 28. Rg4+ Kf8 29. Rd5 Re5 30. Rf4 Ke8 31. Rf5 Re6 32. Kg2 Bd6 33. Rh5 h6
34. Bf5 Ke7 35. Kf2 Re5 36. Be4 Rg5 37. Kf3 Be5 38. Rxg5 hxg5 39. Kg2 Ke6 40.
c4 f5 41. Bf3 g4 42. Bd1 a5 43. Be2 Bf6 44. Bf1 Rd8 45. Rxd8 Bxd8 46. Kf2 Ke5
47. Bg2 Bg5 48. Bb7 Kd4 49. Bc8 Kxd3 50. Bxf5+ Kc3 51. Bd7 Kxb3 52. Bb5 Kc3 53.
Kg2 Be3 54. Kf1 Kd3 {(=)} 1/2-1/2

[Event "OLNW 1819 Hamelner SV - SV Hellern"]
[Site "?"]
[Date "2019.02.03"]
[Round "6.3"]
[White "Stock, Joerg"]
[Black "van Son, Lutz"]
[Result "1/2-1/2"]
[WhiteElo "2196"]
[BlackElo "2162"]
[PlyCount "159"]
[EventDate "2019.??.??"]

1. e4 e6 2. d4 d5 3. Nd2 Nf6 4. e5 Nfd7 5. Bd3 c5 6. c3 Nc6 7. Ne2 cxd4 8. cxd4
f6 9. exf6 Nxf6 10. O-O Bd6 11. Nf3 Qc7 12. h3 O-O 13. Be3 Bd7 14. Re1 Rae8 15.
Nc3 a6 16. Rc1 Qb8 17. Na4 e5 18. dxe5 Nxe5 19. Nxe5 Rxe5 20. Nc5 Bxc5 21. Rxc5
Rfe8 22. Rf1 Qd6 23. Rc2 R5e6 24. Rd2 Qb4 25. Bg5 Ne4 26. Bxe4 Qxe4 27. Rd4 Qg6
28. Be3 Re5 29. Rh4 Qf6 30. Rf4 Qg6 31. Qf3 Rf5 32. Rd1 Rxf4 33. Bxf4 Bc6 34.
Bg3 Qc2 35. Qb3 Qxb3 36. axb3 Re2 37. Rd3 Rxb2 38. Be5 Re2 39. Bd4 Re4 40. Rd2
Kf7 41. f3 Re7 42. Kf2 Ke8 43. Re2 g6 44. h4 Bb5 45. Rxe7+ Kxe7 46. b4 Ba4 47.
Ke3 Bb5 48. Kf4 Bf1 49. g3 Be2 50. g4 Kd6 51. g5 Kc6 52. Ke3 Bd1 53. f4 Kb5 54.
Kd2 Bf3 55. Kc3 b6 56. Bf6 a5 57. bxa5 bxa5 58. Be7 Kc6 59. Kd4 Kd7 60. Ba3 Ke6
61. Ke3 Be4 62. Bb2 Kf5 63. Ba3 Kg4 64. Bb2 Kxh4 65. Bc3 a4 66. Bb2 Kg4 67. Ba3
Kf5 68. Bb2 Bb1 69. Bc1 Kg4 70. Kd4 Be4 71. Kc3 Kh5 72. Ba3 h6 73. gxh6 Kxh6
74. Bb2 Kh5 75. Ba3 Kg4 76. Bd6 Kf5 77. Ba3 d4+ 78. Kxd4 Kxf4 79. Bd6+ Kf3 80.
Kc3 1/2-1/2

[Event "OLNW 1819 Hamelner SV - SV Hellern"]
[Site "?"]
[Date "2019.02.03"]
[Round "6.4"]
[White "Renner, Kai"]
[Black "Happe, Reinhold"]
[Result "1-0"]
[WhiteElo "2177"]
[BlackElo "2113"]
[PlyCount "81"]
[EventDate "2019.??.??"]

1. e4 e5 2. Nf3 Nc6 3. Bb5 f5 4. d3 fxe4 5. dxe4 Nf6 6. O-O d6 7. Qd3 a6 8. Ba4
b5 9. Bb3 Na5 10. Nc3 Nxb3 11. axb3 Bd7 12. Bg5 Be7 13. Rfd1 Bg4 14. Bxf6 Bxf6
15. Rxa6 Rxa6 16. Qxb5+ Qd7 17. Qxa6 O-O 18. Qc4+ Kh8 19. Rd3 Be6 20. Qa4 Qf7
21. Qa7 Bd8 22. Nd2 Bg4 23. f3 Be6 24. Nf1 Qg6 25. Nd5 c6 26. Nb4 d5 27. Qc5
Kg8 28. Nxc6 Bf6 29. exd5 Bf5 30. Re3 Qg5 31. Ng3 Bxc2 32. Ne4 Bxe4 33. Rxe4
Qd2 34. Qc3 Qd1+ 35. Re1 Qxd5 36. Qc4 Qxc4 37. bxc4 Rc8 38. Nxe5 Re8 39. Re2 g5
40. Kf1 h6 41. Nd7 1-0

[Event "OLNW 1819 Hamelner SV - SV Hellern"]
[Site "?"]
[Date "2019.02.03"]
[Round "6.6"]
[White "David, Adrian"]
[Black "Lewin, Tammo"]
[Result "1/2-1/2"]
[WhiteElo "2231"]
[BlackElo "2056"]
[PlyCount "53"]
[EventDate "2019.??.??"]

1. d4 Nf6 2. Bf4 g6 3. Nc3 d5 4. e3 Bg7 5. Be2 O-O 6. h4 h5 7. Nf3 c6 8. Ne5
Nbd7 9. f3 Nxe5 10. Bxe5 Bh6 11. Qd2 Nd7 12. Bf4 Bxf4 13. exf4 Nf6 14. O-O-O
Kg7 15. Rdg1 Rg8 16. g4 Kf8 17. f5 gxf5 18. gxh5 e6 19. Rxg8+ Nxg8 20. h6 Nf6
21. Qg5 Ke7 22. Rg1 Bd7 23. Bd3 Qh8 24. Qe3 Rg8 25. Ne2 Rxg1+ 26. Nxg1 Ng8 27.
Bxf5 1/2-1/2

[Event "OLNW 1819 Hamelner SV - SV Hellern"]
[Site "?"]
[Date "2019.02.03"]
[Round "6.7"]
[White "Gronde, Ingo"]
[Black "Koch, Yannick"]
[Result "1-0"]
[WhiteElo "2210"]
[BlackElo "2089"]
[PlyCount "135"]
[EventDate "2019.??.??"]

1. e4 c5 2. Nf3 e6 3. d3 Nc6 4. g3 d6 5. Bg2 Nf6 6. O-O Be7 7. Re1 O-O 8. c3
Bd7 9. a3 Rc8 10. b4 b5 11. Bb2 a5 12. bxc5 dxc5 13. d4 Be8 14. e5 Nd5 15. Nbd2
cxd4 16. cxd4 b4 17. Nc4 bxa3 18. Bxa3 Ncb4 19. Bf1 Bc6 20. Rc1 Ra8 21. Bg2 Qd7
22. Qd2 Rfc8 23. h4 Bb5 24. Bf1 h6 25. Re4 Bc6 26. Rg4 h5 27. Re4 Rcb8 28. Bg2
Nc7 29. Nd6 Bxe4 30. Nxe4 Nb5 31. Bb2 Rc8 32. Qf4 Nd3 33. Rxc8+ Rxc8 34. Qd2
Nxb2 35. Qxb2 Qc6 36. Kh2 a4 37. Nfg5 Qd7 38. d5 a3 39. Qe2 Bxg5 40. Nxg5 g6
41. dxe6 fxe6 42. Bh3 Nd4 43. Qd3 a2 44. Bxe6+ Qxe6 45. Nxe6 Nxe6 46. Qa6 Kg7
47. Qxa2 Re8 48. Qd5 Re7 49. Qd6 Kf7 50. Kg2 Rc7 51. Qd5 Re7 52. Qf3+ Ke8 53.
Qf6 Nf8 54. f4 Re6 55. Qg7 Re7 56. Qg8 Rf7 57. Kf3 Ke7 58. Ke4 Ke6 59. g4 hxg4
60. h5 gxh5 61. f5+ Ke7 62. f6+ Ke8 63. Kf5 g3 64. e6 Ra7 65. e7 Ra5+ 66. Ke4
Ra4+ 67. Kd5 Ra5+ 68. Kc4 1-0

[Event "OLNW 1819 Hamelner SV - SV Hellern"]
[Site "?"]
[Date "2019.02.03"]
[Round "6.8"]
[White "Brunotte, Peter"]
[Black "Andre, Wolfgang"]
[Result "1/2-1/2"]
[WhiteElo "2011"]
[BlackElo "2193"]
[PlyCount "68"]
[EventDate "2019.??.??"]

1. e4 c5 2. Nc3 Nc6 3. g3 g6 4. Bg2 Bg7 5. d3 d6 6. Be3 e5 7. Qd2 h5 8. h3 Nge7
9. f4 Nd4 10. Nd1 h4 11. g4 exf4 12. Bxf4 Nec6 13. c3 Ne6 14. Nf3 Nxf4 15. Qxf4
Ne5 16. Qd2 Bh6 17. Qe2 Be6 18. Ne3 Nxf3+ 19. Bxf3 Qg5 20. Nf5 gxf5 21. exf5
O-O-O 22. fxe6 Rhe8 23. O-O Rxe6 24. Qg2 d5 25. Rae1 Rde8 26. Qf2 Qe7 27. Rxe6
fxe6 28. b4 cxb4 29. Qxa7 bxc3 30. Qa5 Kb8 31. Qxc3 Qd6 32. Bg2 Rc8 33. Qf6 Rc2
34. Qxh6 Rxg2+ 1/2-1/2

[Event "OLNW 1819 Delmenhorster SK - SK Nordhor"]
[Site "?"]
[Date "2019.02.03"]
[Round "6.1"]
[White "Kroeze, Frank"]
[Black "Korsus, Bernd"]
[Result "1-0"]
[WhiteElo "2383"]
[BlackElo "2325"]
[PlyCount "117"]
[EventDate "2019.??.??"]

1. e4 d6 2. d4 g6 3. Nf3 Bg7 4. c3 Nf6 5. Bd3 O-O 6. O-O Bg4 7. h3 Bxf3 8. Qxf3
e5 9. dxe5 dxe5 10. a4 Nfd7 11. a5 Nc5 12. Bc4 Qh4 13. Re1 Nbd7 14. b4 Ne6 15.
a6 b6 16. Na3 Nf6 17. Bb5 c5 18. Bc6 cxb4 19. Bxa8 Rxa8 20. cxb4 Nd4 21. Qg3
Qh5 22. Qg5 Rc8 23. Qxh5 Nxh5 24. Be3 Nf4 25. Bxd4 exd4 26. Rad1 d3 27. Nb5 Rc2
28. Rf1 Ne2+ 29. Kh1 d2 30. Na3 Ra2 31. Nc4 Bc3 32. b5 Bb4 33. Ra1 Rc2 34. Nxb6
Rc1 35. Nd5 Bc5 36. b6 Rxa1 37. Rxa1 Nc1 38. Nc3 Bxb6 39. Nd1 Nd3 40. Ra2 Nc5
41. f3 h5 42. Rxd2 Nxa6 43. g3 h4 44. gxh4 Nc5 45. Nc3 Ne6 46. Nd5 Bd8 47. Nf4
Ba5 48. Rd5 Nxf4 49. Rxa5 Nxh3 50. Rxa7 Nf4 51. Kh2 Kg7 52. Kg3 Nh5+ 53. Kg4
Nf6+ 54. Kg5 Nh7+ 55. Kf4 Nf8 56. Ke5 Nh7 57. f4 Nf6 58. f5 Nh5 59. Ra6 1-0